Statistics for Chorus Lines

Click here to take the quiz!

General Stats

  • This quiz has been taken 7 times
  • The average score is 7 of 20

Answer Stats

LineSong or Artist% Correct
I'm gonna ride 'til I can't no moreOld Town Road / Lil Nas X
71%
Baby, I'm dancing in the dark / With you between my armsPerfect / Ed Sheeran
71%
And I got that red lip classic thing that you likeStyle / Taylor Swift
57%
You're not broken just bent / And we can learn to love againJust Give Me a Reason / Pink
57%
I do my hair toss / Check my nails / Baby how you feelin'?Good as Hell / Lizzo
43%
Baby, I'm preying on you tonightAnimals / Maroon 5
43%
I couldn't lie, couldn't lie, couldn't lie / Every thing that kills me makes me feel aliveCounting Stars / OneRepublic
43%
Ooh woo, I'm a rebel just for kicks, now / I been feeling it since 1966, nowFeel It Still / Portugal. The Man
43%
Like gho-o-osts they want me to make 'em all / They won't let goEx's & Oh's / Elle King
43%
So let's set the world on fireWe Are Young / Fun.
43%
You're my end and my beginning / Even when I lose I'm winningAll of Me / John Legend
43%
You watch me bleed until I can't breathe / Shaking, falling onto my kneesStitches / Shawn Mendes
29%
I could have another but I probably should notHoney, I'm Good / Andy Grammer
14%
What am I supposed to do / When the best part of me was always you?Breakeven / The Script
14%
That kind of luxe just ain't for us / We crave a different kind of buzzRoyals / Lorde
14%
My power's turned on / Starting right now I'll be strongFight Song / Rachel Platten
14%
Can't slow down I'm a lone red roverPolaroid / Imagine Dragons
14%
No-no-nothing can break, no-nothing can break me downThe Man / Killers
0%
Well, my heart went "boom" / When I crossed that room / And I held her hand in mineI Saw Her Standing There / The Beatles
0%
Oh we gotta turn up the crazy / Livin' like a washed up celebrityVictorious / Panic! at the Disco
0%

Score Distribution

Percentile by Number Answered

Percent of People with Each Score

Your Score History

You have not taken this quiz